| 000 | 00348nam a22001457a 4500 | ||
|---|---|---|---|
| 008 | 150901b xxu||||| |||| 00| 0 eng d | ||
| 020 | _a- | ||
| 082 | _a540 DUB | ||
| 100 |
_96366 _aDube, Maya |
||
| 245 |
_a1000 Chemistry Quiz _cMaya Dube and C. Dube |
||
| 260 | _c1990 | ||
| 300 | _a248p. | ||
| 650 |
_96369 _aChemistry quiz _xME |
||
| 942 |
_2ddc _cBK |
||
| 999 |
_c64975 _d64975 |
||